000 01240nam a22002657a 4500
003 OSt
005 20260513144049.0
008 260513b |||||||| |||| 00| 0 eng d
020 _a9781802796759
040 _aKenya National Library Service
082 _a796.620944 EDW
100 _a Edwards - Evans, Luke
_eauthor
245 _aThe Official History of the Tour de France /
_cLuke Edwards - Evans, Serge Laget, and Andy McGrath
250 _aRevised and updated Edition.
300 _a175 pages :
_bcolour portraits,colour maps
_c29 cm.
504 _aIncludes index
520 _a"The Official History of the Tour de France - fully revised and updated for 2023 - is a celebration of one of the greatest annual sporting events, and the premier competition in world cycling. Through more than 300 photographs, rarely seen documents and items of memorabilia, this book covers more than a century of fascinating stories about the Tour and its iconic yellow jersey.
650 _aTOUR de France race
_vHistory
650 _aBicyle racing
_vFrance
_xHistory
700 _aLaget,Serge
_eauthor
700 _aMcGrath, Andy
_eauthor
942 _2ddc
_cBK
_n0
999 _c492750
_d492750